[Event "COL Subzt 2.3.4 (Women)"]
[Site "Risarald"]
[Date "2021.11.26"]
[Round "6"]
[White "Caicedo Anguila, Juliana Andrea"]
[Black "Cespedes Galindo, Estefania"]
[Result "1/2-1/2"]
[WhiteElo "1552"]
[BlackElo "1756"]
[PlyCount "94"]
[EventDate "2021.11.23"]
[EventType "swiss"]
[EventRounds "9"]
[EventCountry "COL"]
[SourceTitle "CBM 205 Extra"]
[Source "ChessBase"]
[SourceDate "2022.01.31"]
[SourceVersion "1"]
[SourceVersionDate "2022.01.31"]
[SourceQuality "1"]

1. d4 Nf6 2. c4 e6 3. a3 b6 4. Nc3 Bb7 5. d5 a5 6. e4 e5 7. Nf3 d6 8. Bd3 Nbd7 9. 0-0 Be7 10. Rb1 0-0 11. b4 axb4 12. axb4 Re8 13. Ne1 Nf8 14. Be2 Ng6 15. Nd3 Nd7 16. Qb3 Ba6 17. Bb2 Bg5 18. Ra1 Qf6 19. Ra2 Bb7 20. Rxa8 Rxa8 21. Ra1 Rxa1+ 22. Bxa1 Nf4 23. Qa4 Nf8 24. Qe8 Nxd3 25. Bxd3 Qf4 26. Qa4 Qc1+ 27. Qd1 Qa3 28. Qb1 Ba6 29. Qb2 Bc1 30. Qxa3 Bxa3 31. Na2 Ng6 32. g3 Bc8 33. Kf1 Ne7 34. Ke1 c5 35. b5 Bg4 36. Be2 Bxe2 37. Kxe2 f5 38. f3 g5 39. Bc3 Kf7 40. Bd2 Kg6 41. h3 Bb2 42. Bc3 Bxc3 43. Nxc3 h5 44. Kf2 g4 45. hxg4 hxg4 46. fxg4 fxg4 47. Ke3 Kg5 1/2-1/2

[Event "COL Subzt 2.3.4 (Women)"]
[Site "Risarald"]
[Date "2021.11.26"]
[Round "7"]
[White "Cespedes Galindo, Estefania"]
[Black "Toro Castaneda, Elizabeth"]
[Result "1-0"]
[WhiteElo "1756"]
[BlackElo "1945"]
[PlyCount "50"]
[EventDate "2021.11.23"]
[EventType "swiss"]
[EventRounds "9"]
[EventCountry "COL"]
[SourceTitle "CBM 205 Extra"]
[Source "ChessBase"]
[SourceDate "2022.01.31"]
[SourceVersion "1"]
[SourceVersionDate "2022.01.31"]
[SourceQuality "1"]

1. c4 Nf6 2. Nc3 g6 3. g3 Bg7 4. Bg2 0-0 5. d3 d6 6. e4 c5 7. Nge2 Nc6 8. 0-0 Ne8 9. f4 Nc7 10. Be3 Ne6 11. f5 Ned4 12. g4 e6 13. Ng3 Re8 14. Qd2 a6 15. Bh6 Be5 16. f6 Bxf6 17. Qf4 Nc2 18. Rac1 Bd4+ 19. Kh1 Ne3 20. Qxf7+ Kh8 21. e5 Rg8 22. Bxc6 Nxg4 23. Qf4 Nxh6 24. Qxh6 bxc6 25. Rf7 Bxe5 1-0

[Event "COL Subzt 2.3.4 (Women)"]
[Site "Risarald"]
[Date "2021.11.25"]
[Round "4"]
[White "Cespedes Galindo, Estefania"]
[Black "Hernandez Bermudez, Manuela"]
[Result "0-1"]
[WhiteElo "1756"]
[BlackElo "1978"]
[PlyCount "82"]
[EventDate "2021.11.23"]
[EventType "swiss"]
[EventRounds "9"]
[EventCountry "COL"]
[SourceTitle "CBM 205 Extra"]
[Source "ChessBase"]
[SourceDate "2022.01.31"]
[SourceVersion "1"]
[SourceVersionDate "2022.01.31"]
[SourceQuality "1"]

1. d4 Nf6 2. Nf3 g6 3. Bg5 d5 4. Nbd2 Bg7 5. e3 0-0 6. Bd3 c5 7. c3 Nc6 8. 0-0 Qb6 9. Rb1 Nd7 10. Bc2 e5 11. dxc5 Nxc5 12. e4 Nxe4 13. Nxe4 dxe4 14. Bxe4 Be6 15. Qa4 f5 16. Bxc6 Qxc6 17. Qxc6 bxc6 18. b3 Bd5 19. Nd2 h6 20. Be7 Rf7 21. Bb4 Rd7 22. Rfd1 a5 23. Bc5 a4 24. Nf1 f4 25. c4 Be6 26. Rxd7 Bxd7 27. Rd1 axb3 28. axb3 Bf5 29. b4 Bc2 30. Rc1 Bd3 31. Nd2 e4 32. b5 cxb5 33. cxb5 Ra2 34. b6 Rxd2 35. b7 Rb2 36. Bb6 Be5 37. Bd4 Bxd4 38. Rc8+ Kf7 39. b8Q Bxf2+ 40. Kh1 Rxb8 41. Rxb8 e3 0-1

[Event "COL-chT 21st"]
[Site "Cartagena"]
[Date "2019.11.30"]
[Round "8.1"]
[White "Franco Valencia, Angela Maria"]
[Black "Cespedes Galindo, Estefania"]
[Result "1-0"]
[WhiteElo "2190"]
[BlackElo "1716"]
[PlyCount "33"]
[EventDate "2019.11.30"]
[EventType "team-swiss"]
[EventRounds "9"]
[EventCountry "COL"]
[SourceTitle "CBM 195 Extra"]
[Source "ChessBase"]
[SourceDate "2020.05.31"]
[SourceVersion "1"]
[SourceVersionDate "2020.05.31"]
[SourceQuality "1"]
[WhiteTeam "Bolivar"]
[BlackTeam "Tolima"]
[WhiteTeamCountry "COL"]
[BlackTeamCountry "COL"]

1. e4 c5 2. Nf3 e6 3. d4 cxd4 4. Nxd4 a6 5. Nc3 b5 6. g3 Bb7 7. Bg2 Nc6 8. 0-0 Qb8 9. Re1 Bc5 10. Nb3 Bb6 11. Bf4 e5 12. Bg5 Nge7 13. Nd5 Bd8 14. Qg4 0-0 15. h4 Nxd5 16. exd5 Bxg5 17. dxc6 1-0

[Event "COL-chT 21st"]
[Site "Cartagena"]
[Date "2019.11.30"]
[Round "1.1"]
[White "Salcedo, Jackeline"]
[Black "Cespedes Galindo, Estefania"]
[Result "1-0"]
[WhiteElo "1959"]
[BlackElo "1716"]
[PlyCount "73"]
[EventDate "2019.11.30"]
[EventType "team-swiss"]
[EventRounds "9"]
[EventCountry "COL"]
[SourceTitle "CBM 195 Extra"]
[Source "ChessBase"]
[SourceDate "2020.05.31"]
[SourceVersion "1"]
[SourceVersionDate "2020.05.31"]
[SourceQuality "1"]
[WhiteTeam "Bogota"]
[BlackTeam "Tolima"]
[WhiteTeamCountry "COL"]
[BlackTeamCountry "COL"]

1. c4 e5 2. Nc3 Nf6 3. g3 g6 4. Bg2 Bg7 5. e3 d6 6. Nge2 0-0 7. 0-0 Nc6 8. d4 Bg4 9. h3 Bd7 10. b3 Ne8 11. Bb2 f5 12. f4 exd4 13. exd4 Nf6 14. a3 Re8 15. Qd3 Rb8 16. Rac1 Na5 17. b4 Nc6 18. d5 Ne7 19. c5 a6 20. cxd6 cxd6 21. Kh2 Rc8 22. Nd4 Qb6 23. Rcd1 Qa7 24. Ne6 Bxe6 25. dxe6 Red8 26. Ne2 d5 27. Bd4 b6 28. Qe3 Ne4 29. Bxb6 Qb7 30. Bxd8 Rxd8 31. Nd4 Qb6 32. Rfe1 Nc6 33. Nxc6 Qxc6 34. Bxe4 fxe4 35. e7 Re8 36. Qb3 Kh8 37. Qxd5 1-0

[Event "COL-chT rapid (Women)"]
[Site "Cartagena"]
[Date "2019.11.29"]
[Round "3.1"]
[White "Cespedes Galindo, Estefania"]
[Black "Finley Rosero, Karol Valentina"]
[Result "1-0"]
[WhiteElo "1815"]
[BlackElo "1635"]
[PlyCount "47"]
[EventDate "2019.11.29"]
[EventType "team-swiss"]
[EventRounds "7"]
[EventCountry "COL"]
[SourceTitle "CBM 193 Extra"]
[Source "ChessBase"]
[SourceDate "2020.01.31"]
[SourceVersion "1"]
[SourceVersionDate "2020.01.31"]
[SourceQuality "1"]
[WhiteTeam "Tolima (W)"]
[BlackTeam "Narino (W)"]
[WhiteTeamCountry "COL"]
[BlackTeamCountry "COL"]

1. d4 Nf6 2. Bg5 g6 3. e3 Bg7 4. h4 d6 5. Be2 Nbd7 6. Nc3 c5 7. Qd2 a6 8. a4 Qb6 9. Nf3 h5 10. 0-0 0-0 11. a5 Qc7 12. d5 b5 13. axb6 Qxb6 14. e4 Bb7 15. Ra3 Qc7 16. Bh6 Ng4 17. Bxg7 Kxg7 18. Ng5 Nde5 19. f4 Nd7 20. Bxg4 hxg4 21. Qe2 Nf6 22. f5 Rh8 23. fxg6 fxg6 24. Ne6+ 1-0

[Event "COL-chT rapid (Women)"]
[Site "Cartagena"]
[Date "2019.11.29"]
[Round "7.1"]
[White "Cespedes Galindo, Estefania"]
[Black "Ocampo Betancur, Cristina Angela"]
[Result "0-1"]
[WhiteElo "1815"]
[BlackElo "2000"]
[PlyCount "132"]
[EventDate "2019.11.29"]
[EventType "team-swiss"]
[EventRounds "7"]
[EventCountry "COL"]
[SourceTitle "CBM 193 Extra"]
[Source "ChessBase"]
[SourceDate "2020.01.31"]
[SourceVersion "1"]
[SourceVersionDate "2020.01.31"]
[SourceQuality "1"]
[WhiteTeam "Tolima (W)"]
[BlackTeam "Risaralda (W)"]
[WhiteTeamCountry "COL"]
[BlackTeamCountry "COL"]

1. d4 Nf6 2. Bg5 d5 3. e3 e6 4. Bd3 Be7 5. Nd2 c5 6. c3 Nc6 7. f4 b6 8. Qe2 Bb7 9. Ngf3 h6 10. Bh4 cxd4 11. exd4 Nh5 12. Bxe7 Qxe7 13. Qe3 Nf6 14. 0-0 0-0 15. Rae1 Qc7 16. Ne5 Ne7 17. g4 Ne8 18. g5 Nf5 19. Bxf5 exf5 20. gxh6 g6 21. Rf2 Kh7 22. Ndf3 Nf6 23. Ng5+ Kxh6 24. Rf3 Nh5 25. Rh3 Rae8 26. Ngxf7+ Kg7 27. Ng5 Rh8 28. Re2 b5 29. Rg2 Rh6 30. Qf3 Kf6 31. Ngf7 Rxe5 32. Nxe5 a5 33. Qf2 Ke6 34. Rxg6+ Rxg6+ 35. Nxg6 Nf6 36. Rh6 Ng4 37. Ne5+ Nxh6 38. Qh4 Qg7+ 39. Kf2 Ng4+ 40. Kf3 Nxe5+ 41. fxe5 Bc6 42. h3 b4 43. Qd8 Bd7 44. Qxa5 bxc3 45. bxc3 Qh7 46. Qb6+ Ke7 47. Qd6+ Ke8 48. e6 Qxh3+ 49. Kf2 Qh4+ 50. Kg1 Qe1+ 51. Kg2 Bxe6 52. Qc6+ Kf7 53. a4 Qe2+ 54. Kg1 f4 55. Qc7+ Kg6 56. Qxf4 Qd1+ 57. Kg2 Qc2+ 58. Qf2 Qxc3 59. Qg3+ Qxg3+ 60. Kxg3 Kf5 61. Kf3 Bd7 62. a5 Bb5 63. Ke3 Kg4 64. Kd2 Kf4 65. Kc3 Ke4 66. Kb4 Bc4 0-1

[Event "COL-chT rapid (Women)"]
[Site "Cartagena"]
[Date "2019.11.29"]
[Round "1.1"]
[White "Cespedes Galindo, Estefania"]
[Black "Salcedo, Jackeline"]
[Result "0-1"]
[WhiteElo "1815"]
[BlackElo "1936"]
[PlyCount "62"]
[EventDate "2019.11.29"]
[EventType "team-swiss"]
[EventRounds "7"]
[EventCountry "COL"]
[SourceTitle "CBM 193 Extra"]
[Source "ChessBase"]
[SourceDate "2020.01.31"]
[SourceVersion "1"]
[SourceVersionDate "2020.01.31"]
[SourceQuality "1"]
[WhiteTeam "Tolima (W)"]
[BlackTeam "Bogota (W)"]
[WhiteTeamCountry "COL"]
[BlackTeamCountry "COL"]

1. d4 d5 2. Bg5 Nf6 3. e3 Nbd7 4. f4 c5 5. c3 e6 6. Bd3 Qb6 7. Qc1 Bd6 8. Nf3 Ne4 9. Nbd2 Nxg5 10. Nxg5 h6 11. Ngf3 cxd4 12. cxd4 Nf6 13. Nb3 Bb4+ 14. Nfd2 Bd7 15. 0-0 Rc8 16. Qd1 Ba4 17. Qe2 0-0 18. Rab1 Rc7 19. f5 exf5 20. Rxf5 Re8 21. Qf3 Rce7 22. Re5 Rxe5 23. dxe5 Rxe5 24. Nf1 Bxb3 25. axb3 Bc5 26. Re1 Qxb3 27. Bb1 Qxb2 28. Ng3 Rxe3 29. Rxe3 Qxb1+ 30. Nf1 Bxe3+ 31. Qxe3 Qb6 0-1

[Event "COL-ch sf 2nd"]
[Site "Tunja"]
[Date "2018.04.19"]
[Round "4"]
[White "Rativa Jimenez, Laura Milena"]
[Black "Cespedes Galindo, Estefania"]
[Result "0-1"]
[WhiteElo "1492"]
[BlackElo "1775"]
[PlyCount "76"]
[EventDate "2018.04.17"]
[EventType "swiss"]
[EventRounds "10"]
[EventCountry "COL"]
[SourceTitle "CBM 184 Extra"]
[Source "ChessBase"]
[SourceDate "2018.06.28"]
[SourceVersion "1"]
[SourceVersionDate "2018.06.28"]
[SourceQuality "1"]

1. e4 c5 2. c3 Nf6 3. e5 Nd5 4. d4 cxd4 5. cxd4 d6 6. Bc4 e6 7. Nf3 Nc6 8. 0-0 Be7 9. Qe2 Nb6 10. Bb3 a5 11. a3 Bd7 12. Be3 a4 13. Bc2 Na5 14. Nc3 Nac4 15. Bd3 Rc8 16. Rac1 d5 17. Rc2 0-0 18. Nd2 Nxb2 19. Ndb1 N2c4 20. Bc1 f6 21. f4 Kh8 22. Qh5 f5 23. g4 Be8 24. Qh3 Bg6 25. g5 Qd7 26. Qf3 Rc7 27. h4 Rfc8 28. h5 Be8 29. Ne2 Qb5 30. Nec3 Qb3 31. Rff2 Bxa3 32. Nxa3 Nxa3 33. Rb2 Qxc3 34. Rxb6 Qxc1+ 35. Kg2 Nc2 36. Rxe6 Ne1+ 37. Kg3 Nxf3 38. Kxf3 Qd1+ 0-1

[Event "American Continental 13th"]
[Site "Medellin"]
[Date "2017.06.16"]
[Round "9"]
[White "Obando Guzman, Soren Federico"]
[Black "Cespedes Galindo, Estefania"]
[Result "1-0"]
[WhiteElo "1964"]
[BlackElo "1748"]
[PlyCount "49"]
[EventDate "2017.06.10"]
[EventType "swiss"]
[EventRounds "11"]
[EventCountry "COL"]
[SourceTitle "EXT 2018"]
[Source "ChessBase"]
[SourceDate "2017.10.13"]
[SourceVersion "1"]
[SourceVersionDate "2017.10.13"]
[SourceQuality "1"]

1. d4 Nf6 2. c4 e6 3. Nf3 Bb4+ 4. Nbd2 b6 5. g3 Bb7 6. Bg2 0-0 7. 0-0 d6 8. Nb1 d5 9. a3 Be7 10. Ne5 Nbd7 11. Nc3 Ne4 12. Nxe4 dxe4 13. Qc2 f5 14. Rd1 Nxe5 15. dxe5 Qe8 16. c5 Bd5 17. Be3 Qb5 18. Rdc1 Bb3 19. Qc3 Rad8 20. a4 Bxa4 21. b4 Qd7 22. c6 Bxc6 23. Qxc6 Bxb4 24. Rxa7 Ba5 25. Rxc7 1-0

[Event "COL-ch U20 Girls"]
[Site "Bogota"]
[Date "2017.03.16"]
[Round "1"]
[White "Argote Heredia, Valentina"]
[Black "Cespedes Galindo, Estefania"]
[Result "1-0"]
[WhiteElo "1946"]
[BlackElo "1737"]
[PlyCount "35"]
[EventDate "2017.03.16"]
[EventType "swiss"]
[EventRounds "7"]
[EventCountry "COL"]
[SourceTitle "CBM 177 Extra"]
[Source "ChessBase"]
[SourceDate "2017.04.27"]
[SourceVersion "1"]
[SourceVersionDate "2017.04.27"]
[SourceQuality "1"]

1. d4 Nf6 2. c4 e6 3. Nc3 Bb4 4. Qc2 c5 5. Nf3 Nc6 6. e3 Qb6 7. a3 cxd4 8. exd4 Be7 9. d5 Nd4 10. Nxd4 Qxd4 11. Be3 Qe5 12. 0-0-0 Ng4 13. Bd4 Qf4+ 14. Kb1 e5 15. g3 Qh6 16. Nb5 Bd8 17. Bxa7 0-0 18. Bc5 1-0

[Event "Pan American-ch U20 Girls"]
[Site "Guatape"]
[Date "2016.06.20"]
[Round "1"]
[White "Brizzi, Milagros Tatiana"]
[Black "Cespedes Galindo, Estefania"]
[Result "1-0"]
[WhiteElo "1990"]
[BlackElo "1713"]
[PlyCount "81"]
[EventDate "2016.06.20"]
[EventType "swiss"]
[EventRounds "9"]
[EventCountry "COL"]
[SourceTitle "EXT 2017"]
[Source "ChessBase"]
[SourceDate "2016.10.25"]
[SourceVersion "1"]
[SourceVersionDate "2016.10.25"]
[SourceQuality "1"]

1. e4 c5 2. Nf3 Nc6 3. d3 e6 4. g3 Nf6 5. Bg2 g6 6. c3 Bg7 7. 0-0 0-0 8. Re1 d5 9. e5 Nd7 10. d4 b5 11. Bf4 Qb6 12. Be3 c4 13. Nbd2 b4 14. Nxc4 Qc7 15. Ncd2 bxc3 16. bxc3 Nb6 17. Nb3 Nc4 18. Bf4 Re8 19. Qc1 N6a5 20. Bh6 Rb8 21. Rb1 Rb6 22. h4 Rc6 23. Nh2 Qe7 24. Ng4 Bh8 25. Bg5 Qa3 26. Qf4 Rc7 27. Nc5 Qxc3 28. Bf6 Qd2 29. Qxd2 Nxd2 30. Rbd1 h5 31. Bxh8 hxg4 32. Bf6 Nac4 33. Re2 Nf3+ 34. Bxf3 gxf3 35. Rc2 Bd7 36. Rd3 Rb8 37. Rxf3 Rb1+ 38. Kg2 Rd1 39. Nxd7 Rxd7 40. Rb3 g5 41. h5 1-0